| 000 | 00521cam a2200145 4500500 | ||
|---|---|---|---|
| 005 | 20251012023129.0 | ||
| 041 | _afre | ||
| 042 | _adc | ||
| 100 | 1 | 0 |
_aJay, Emmanuelle _eauthor |
| 245 | 0 | 0 | _aLa forme épistolaire dans la médiation par l’écriture comme réponse à l’effraction traumatique |
| 260 | _c2025. | ||
| 500 | _a6 | ||
| 786 | 0 | _nPsychothérapies | 45 | 2 | 2025-05-15 | p. 120-133 | 0251-737X | |
| 856 | 4 | 1 | _uhttps://shs.cairn.info/revue-psychotherapies-2025-2-page-120?lang=fr&redirect-ssocas=7080 |
| 999 |
_c1541317 _d1541317 |
||